书目信息 |
| 题名: |
按劳分配与四个现代化
|
|
| 作者: | 曾牧野 , 丁家树 编著 | |
| 分册: | ||
| 出版信息: | 北京 中国财政经济出版社 1979 |
|
| 页数: | 174页 | |
| 开本: | 19cm | |
| 丛书名: | ||
| 单 册: | ||
| 中图分类: | F244 | |
| 科图分类: | ||
| 主题词: | 劳动经济 | |
| 电子资源: | ||
| ISBN: | ||
| 000 | 00616nam0 2200217 45 | |
| 001 | 0304150815 | |
| 005 | 20031219104109.2 | |
| 010 | @dCNY0.45 | |
| 091 | @a4166.146 | |
| 100 | @a20030415d1979 km y0chiy0120 ea | |
| 101 | 0 | @achi |
| 105 | @a z 000yy | |
| 200 | 1 | @a按劳分配与四个现代化@AAn Lao Fen Pei Yu Si Ge Xian Dai Hua@f曾牧野,丁家树等编著@FCeng Mu Ye,Ding Jia Shu Deng Bian Zhu |
| 210 | @a北京@c中国财政经济出版社@d1979 | |
| 215 | @a174页@d19cm | |
| 606 | 0 | @a劳动经济 |
| 690 | @aF244@v3 | |
| 701 | 0 | @a曾牧野@4编著 |
| 701 | 0 | @a丁家树@4编著 |
| 801 | @aCN@bTSTC@c20030415 | |
| 905 | @f1@b26824@dF244@e3 | |
| 按劳分配与四个现代化/曾牧野,丁家树等编著.-北京:中国财政经济出版社,1979 |
| 174页;19cm |
| ISBN :CNY0.45 |
| ● |
| 相关链接 |
|
|
|
|
正题名:按劳分配与四个现代化
索取号:F244/3
 
预约/预借
| 序号 | 登录号 | 条形码 | 馆藏地/架位号 | 状态 | 备注 |
| 1 | 0026824 | 001792974 | 第一样本阅览室/ [索取号:F244/3] | 在馆 |